Detalles MARC
| 000 -LÍDER |
| Campo fijo de descripción fija |
01685nam a22003137a 4500 |
| 001 - NÚMERO DE CONTROL |
| Campo de control |
768714001 |
| 003 - IDENTIFICADOR DEL NÚMERO DE CONTROL |
| Campo de control |
CO-MdFUSB |
| 005 - FECHA Y HORA DE LA ULTIMA TRANSACCIÓN |
| control field |
20180622072549.0 |
| 008 - ELEMENTOS DE LONGITUD FIJA -- INFORMACIÓN GENERAL |
| Campo fijo de descripción fija -- Información general |
170131s1987 xxu||||| |||| 00| 0 eng d |
| 020 ## - NÚMERO INTERNACIONAL NORMALIZADO PARA LIBROS |
| Número Internacional Normalizado del libro |
0800617398 |
| 040 ## - FUENTE DE CATALOGACIÓN |
| Agencia de catalogación original |
CO-MdFUSB |
| Idioma de catalogación |
spa |
| Agencia que realiza la transcripción |
CO-MdFUSB |
| Agencia que realiza la modificación |
CO-MdFUSB |
| Convenciones de la descripción |
rda |
| 041 ## - CÓDIGO DE IDIOMA |
| Código de idioma para texto/pista de sonido o título separado |
eng |
| 082 ## - NÚMERO DE CLASIFICACIÓN DECIMAL DEWEY |
| Número de la edición del Dewey |
24 |
| Número de clasificación |
253 |
| Clave de autor-Numero de item |
F785f |
| 100 ## - ASIENTO PRINCIPAL--NOMBRE PERSONAL |
| Nombre personal |
Fowler, James W., |
| Fechas asociadas con el nombre |
1940-2015 |
| Término relacionador |
autor |
| 245 ## - TÍTULO |
| Título del Material |
Faith development and pastoral care |
| Parte restante del título - Subtitulo |
: theology and pastoral care |
| Mención de responsabilidad, etc. |
/ James W. Fowler ; editado por Don S. Browning |
| 264 #1 - PRODUCCIÓN, PUBLICACIÓN, DISTRIBUCIÓN, MANUFACTURA, Y COPYRIGHT |
| Lugar de producción, publicación, distribución, manufactura |
Estados Unidos : |
| Nombre del productor, publicador, distribuidor |
Fortress press, |
| Fecha de producción, publicación, distribución, manufactura, o copyright |
℗1987 |
| 264 #4 - PRODUCCIÓN, PUBLICACIÓN, DISTRIBUCIÓN, MANUFACTURA, Y COPYRIGHT |
| Fecha de producción, publicación, distribución, manufactura, o copyright |
©1987 |
| 300 ## - DESCRIPCIÓN FÍSICA |
| Extensión |
132 páginas |
| Dimensiones |
; 22 cm. |
| 336 ## - TIPO DE CONTENIDO |
| Fuente |
rdacontent |
| Término de tipo de contenido |
|
| Código de tipo de contenido |
|
| 337 ## - TIPO DE MEDIO |
| Fuente |
rdamedia |
| Nombre del tipo de medio |
|
| Código del tipo de medio |
|
| 338 ## - TIPO DE SOPORTE |
| Fuente |
rdacarrier |
| Nombre del tipo de soporte |
|
| Código Tipo de soporte |
|
| 500 ## - NOTA GENERAL |
| Nota General |
Material de "The Creation" de God's Trombones por James Weldon Johnson (páginas 39-40) y material extraido de "Little Gidding" en cuatro cuartetos por T. S. Eliot.<br/><br/> |
| 505 ## - NOTA DE CONTENIDO |
| Nota de contenido con formato preestablecido |
1. Hacia una teológica de cuidado pastoral<br/>2. Una comunidad de vocación y pacto<br/>3.El trabajo de Dios y nuestra vocación<br/>4. Etapa de individualidad y fe<br/>5. La congregación: Variedad de presencias en individualidad y fe<br/>6. Fe y las dinámicas del cambio<br/>7. Cuidado pastoral, desarrollo de la fe, iglesia pública |
| 520 ## - NOTA DE RESUMEN, ETC. |
| Nota de sumario, etc. |
la obra de James Fowler como el iniciador de la investigación desarrollo de la fe - el uso de las teorías de Jean Piaget y Erik Erikson para la teología - ha sido ampliamente aclamado por su profundo impacto en el campo de la educación religiosa, y por su promesa para otros campos |
| 650 #7 - ASIENTO SECUNDARIO DE MATERIA - TERMINO TEMÁTICO |
| 9 (RLIN) |
227 |
| Término temático o nombre geográfico como elemento de entrada |
Teología pastoral |
| 700 ## - ASIENTO SECUNDARIO - NOMBRE PERSONAL |
| 9 (RLIN) |
722 |
| Nombre personal |
Browning, Don S |
| Fechas asociadas con el nombre |
1934-2010 |
| Responsabilidad |
editor |
| 942 ## - TIPO DE MATERIAL (KOHA) |
| Tipo de Item KOHA |
Libros General |